000 00401nam a2200169Ia 4500
008 210210b1962 xxu||||| |||| 00| 0 eng d
041 _aeng
082 _a330/412
100 _aSHACKLE (G L S)
245 _aEconomics for pleasure
260 _aCambridge
_bAt the University Press
_c1962
650 _apleasure
650 _afor
650 _aEconomics
690 _aEconomics
906 _a003815
999 _c120962
_d120962